Stati per tasso di crescita della popolazione - Europa - Statistics

Statistiche generali
  • Questo quiz è stato fatto 7 volte
  • Il punteggio medio è 8 su 10
Statistiche sulle risposte
Tasso di crescita (%) Nazione % Corretto
1,58 Lussemburgo
100%
0,66 Monaco
100%
0,59 Malta
86%
0,59 San Marino
86%
0,64 Svizzera
86%
0,55 Belgio
71%
0,70 Liechtenstein
71%
0,51 Svezia
71%
0,91 Irlanda
57%
0,89 Islanda
57%
Nessun quiz corrispondente trovato
Distribuzione punteggi
Percentuale di utenti per punteggio
Percentile per numero di risposta
I tuoi punteggi nel tempo
Non hai fatto questo quiz